000 00333nam a22001457a 4500
999 _c54894
_d54894
008 190529b ||||| |||| 00| 0 eng d
020 _a9781846380051
041 _aeng
080 _a701
082 _a701
100 _a45
101 _aART
245 _aEast Art Map Contemporary Art and Eastern Europe
_cIrwin
942 _2udc
_cBK